<?xml version="1.0" encoding="UTF-8"?>
<record
    xmlns:xsi="http://www.w3.org/2001/XMLSchema-instance"
    xsi:schemaLocation="http://www.loc.gov/MARC21/slim http://www.loc.gov/standards/marcxml/schema/MARC21slim.xsd"
    xmlns="http://www.loc.gov/MARC21/slim">

  <leader>00636nam a22001577a 4500</leader>
  <controlfield tag="003">OSt</controlfield>
  <controlfield tag="005">20151206150939.0</controlfield>
  <controlfield tag="008">151206b        xxu||||| |||| 00| 0 eng d</controlfield>
  <datafield tag="040" ind1=" " ind2=" ">
    <subfield code="c">RUA</subfield>
  </datafield>
  <datafield tag="082" ind1=" " ind2=" ">
    <subfield code="a">ATM &#x1788;&#x17BB;&#x1793; 1994 B190 Or.1</subfield>
  </datafield>
  <datafield tag="100" ind1=" " ind2=" ">
    <subfield code="9">4416</subfield>
    <subfield code="a">&#x1788;&#x17BB;&#x1793; &#x1781;&#x17C1;&#x1784;</subfield>
  </datafield>
  <datafield tag="245" ind1=" " ind2=" ">
    <subfield code="a">&#x179F;&#x17B7;&#x1780;&#x17D2;&#x179F;&#x17B6;&#x1794;&#x17D2;&#x179A;&#x17C0;&#x1794;&#x1792;&#x17C0;&#x1794;&#x17A2;&#x17C6;&#x1796;&#x17B8;&#x1782;&#x17BB;&#x178E;&#x179F;&#x1798;&#x17D2;&#x1794;&#x178F;&#x17B7;&#x17D2;&#x178F;&#x1793;&#x1784;&#x17D2;&#x1782;&#x17D0;&#x179B;&#x1790;&#x17B6;&#x179F;&#x17CB;&#x17E7;&#x178F;&#x17D2;&#x179A;&#x1780;&#x17CB;&#x1791;&#x17D0;&#x179A;&#x1793;&#x17B7;&#x1784;&#x1793;&#x1784;&#x17D2;&#x1782;&#x17D0;&#x179B;&#x1782;&#x17C4;&#x1793;&#x17C5;&#x1780;&#x17D2;&#x1793;&#x17BB;&#x17BB;&#x1784;&#x179B;&#x1780;&#x17D2;&#x1781;&#x1781;&#x17D0;&#x178E;&#x17D2;&#x178C;&#x178A;&#x17B8;&#x178A;&#x17C6;&#x178E;&#x17B6;&#x17C6;&#x1785;&#x17C6;&#x1780;&#x17B6;&#x179A;</subfield>
  </datafield>
  <datafield tag="260" ind1=" " ind2=" ">
    <subfield code="a">Phnom Penh</subfield>
    <subfield code="b">RUA</subfield>
    <subfield code="c">1994</subfield>
  </datafield>
  <datafield tag="300" ind1=" " ind2=" ">
    <subfield code="a">59p.</subfield>
    <subfield code="b">ill.</subfield>
    <subfield code="c">29cm.</subfield>
  </datafield>
  <datafield tag="942" ind1=" " ind2=" ">
    <subfield code="2">ddc</subfield>
    <subfield code="c">ATM</subfield>
  </datafield>
  <datafield tag="999" ind1=" " ind2=" ">
    <subfield code="c">4116</subfield>
    <subfield code="d">4116</subfield>
  </datafield>
  <datafield tag="952" ind1=" " ind2=" ">
    <subfield code="0">0</subfield>
    <subfield code="1">0</subfield>
    <subfield code="2">ddc</subfield>
    <subfield code="4">0</subfield>
    <subfield code="6">ATM_&#x1788;&#x17BB;&#x1793;_1994_000000000000000_B190_OR_1</subfield>
    <subfield code="7">0</subfield>
    <subfield code="9">20733</subfield>
    <subfield code="a">LBB</subfield>
    <subfield code="b">LBB</subfield>
    <subfield code="c">B190</subfield>
    <subfield code="d">2015-12-06</subfield>
    <subfield code="o">ATM &#x1788;&#x17BB;&#x1793; 1994 B190 Or.1</subfield>
    <subfield code="p">RUA042790</subfield>
    <subfield code="r">2015-12-06</subfield>
    <subfield code="w">2015-12-06</subfield>
    <subfield code="y">ATM</subfield>
  </datafield>
  <datafield tag="952" ind1=" " ind2=" ">
    <subfield code="0">0</subfield>
    <subfield code="1">0</subfield>
    <subfield code="2">ddc</subfield>
    <subfield code="4">0</subfield>
    <subfield code="6">ATM_&#x1788;&#x17BB;&#x1793;_1994_000000000000000_B190_OR_2</subfield>
    <subfield code="7">0</subfield>
    <subfield code="9">20734</subfield>
    <subfield code="a">LBB</subfield>
    <subfield code="b">LBB</subfield>
    <subfield code="c">B190</subfield>
    <subfield code="d">2015-12-06</subfield>
    <subfield code="o">ATM &#x1788;&#x17BB;&#x1793; 1994 B190 Or.2</subfield>
    <subfield code="p">RUA043222</subfield>
    <subfield code="r">2015-12-06</subfield>
    <subfield code="w">2015-12-06</subfield>
    <subfield code="y">ATM</subfield>
  </datafield>
  <datafield tag="952" ind1=" " ind2=" ">
    <subfield code="0">0</subfield>
    <subfield code="1">0</subfield>
    <subfield code="2">ddc</subfield>
    <subfield code="4">0</subfield>
    <subfield code="6">ATM_&#x1788;&#x17BB;&#x1793;_1994_000000000000000_B190_OR_3</subfield>
    <subfield code="7">0</subfield>
    <subfield code="9">20749</subfield>
    <subfield code="a">LBB</subfield>
    <subfield code="b">LBB</subfield>
    <subfield code="c">B190</subfield>
    <subfield code="d">2015-12-06</subfield>
    <subfield code="o">ATM &#x1788;&#x17BB;&#x1793; 1994 B190 Or.3</subfield>
    <subfield code="p">RUA043493</subfield>
    <subfield code="r">2015-12-06</subfield>
    <subfield code="w">2015-12-06</subfield>
    <subfield code="y">ATM</subfield>
  </datafield>
  <datafield tag="952" ind1=" " ind2=" ">
    <subfield code="0">0</subfield>
    <subfield code="1">0</subfield>
    <subfield code="2">ddc</subfield>
    <subfield code="4">0</subfield>
    <subfield code="6">ATM_&#x1788;&#x17BB;&#x1793;_1994_000000000000000_B190_OR_4</subfield>
    <subfield code="7">0</subfield>
    <subfield code="9">20750</subfield>
    <subfield code="a">LBB</subfield>
    <subfield code="b">LBB</subfield>
    <subfield code="c">B190</subfield>
    <subfield code="d">2015-12-06</subfield>
    <subfield code="l">1</subfield>
    <subfield code="o">ATM &#x1788;&#x17BB;&#x1793; 1994 B190 Or.4</subfield>
    <subfield code="p">RUA043553</subfield>
    <subfield code="r">2018-12-12</subfield>
    <subfield code="s">2018-12-04</subfield>
    <subfield code="w">2015-12-06</subfield>
    <subfield code="y">ATM</subfield>
  </datafield>
</record>
